000 00412nam a2200133Ia 4500
008 220217s9999||||xx |||||||||||||| ||und||
020 _a9780074639399
082 _a658.311 THO
100 _aThorpe, Edgar
_98140
245 0 _aCourse in mental ability and quantitative aptitude
260 _aTata mcgraw hill company Ltd
_bNew Delhi
_c2011
300 _aX, 435p.
_b290
650 _aHUMAN RESOURCE MANAGEMENT
999 _c182834
_d182834